000 00424nam a22001697a 4500
003 NUST-PNEC
005 20170116180744.0
008 150114b xxu||||| |||| 00| 0 eng d
040 _cPNEC
082 _a153.94 EYS
100 _91214
_aEysenc, H. J.
245 _aKnow your I. Q.
_cH. J. Eysenck
260 _aEngland :
_bPenguin Books Ltd.,
_cc1962.
300 _a192 p. :
_c18 cm.
650 _xGeneral
942 _2ddc
_cBK
999 _c62298
_d62298